¿Hay algo que no esté en crisis? : arte y pensamiento en la era del cambio acelerado y sin fin /

Antología de ensayos sobre arte, tecnología y pensamiento contemporáneo en el contexto de un mundo marcado por crisis múltiples y aceleración permanente.

Kaydedildi:
Detaylı Bibliyografya
Yazar: Huffmann, Carlos (compilación)
Diğer Yazarlar: Borovinsky, Tomás (compilación) (compilación)
Materyal Türü: Kitap
Dil:İspanyolca
Baskı/Yayın Bilgisi: Buenos Aires, Argentina : Siglo XXI, 2025, c2025
Seri Bilgileri:(Arte y Pensamiento)
Konular:
Etiketler: Etiketle
Etiket eklenmemiş, İlk siz ekleyin!

MARC

LEADER 00000nam^a2200000^a^4500
001 000627428
005 20260204000000.0
009 20260310134054.502
020 |a 978-987-801-484-5 
037 |a Acervo ITESO - Biblioteca 
041 |a ESP 
082 |a 701. 05  |b HUF 
100 |a Huffmann, Carlos  |e (compilación) 
245 1 0 |a ¿Hay algo que no esté en crisis? :  |b arte y pensamiento en la era del cambio acelerado y sin fin /  |c Comp. de C. Huffmann, T. Borovinsky. 
264 4 |a Buenos Aires, Argentina :  |b Siglo XXI,  |c 2025, c2025 
300 |a 235 p. 
336 |a texto  |b txt  |2 rdacontenido 
337 |a sin mediación  |b n  |2 rdamedio 
338 |a volumen  |b nc  |2 rdasoporte 
440 1 |a (Arte y Pensamiento) 
520 |a Antología de ensayos sobre arte, tecnología y pensamiento contemporáneo en el contexto de un mundo marcado por crisis múltiples y aceleración permanente. 
521 |a FIL 2025 DIA 
649 |a XX 
650 |a Creación (Literaria, Artística, etc.) 
650 |a Autoría (Atribución) 
650 |a Falsificación y Plagio (Creación) 
650 |a Desarrollo Tecnológico 
650 |a Cambios Sociales y Culturales 
650 |a Inteligencia Artificial -  |x Aspectos Sociales y Culturales -  |x Tema Principal 
650 |a Arte -  |x Aspectos Tecnológicos -  |x Tema Principal 
650 |a Arte y Sociedad 
650 |a Arte -  |x Teoría -  |x Tema Principal 
700 |a Borovinsky, Tomás  |e (compilación) 
910 |a Fondo General 
920 |a Impresos - Libros 
930 |a Colección General 
905 |a 101 
901 |a 627428-10  |b IT1  |c ACC  |i C192193  |u 20260204 
902 |a https://opac.biblio.iteso.mx/vufind/Record/000627428